Per a fer bons olis / per August Matons
Descripción Física:
19 p. : il. ; 20 cm
Otros Autores:
Catalunya. Mancomunitat. Servei d'Arbres Fruiters
Materias:
Oli d'oliva
MARC
| LEADER | 00000nam a2200000Ia 4500 | ||
|---|---|---|---|
| 001 | 1834 | ||
| 008 | 160829s1923 xx 000 0 cat d | ||
| 080 | |a C-1-352 | ||
| 100 | |a Matons, August |9 20130 | ||
| 245 | |a Per a fer bons olis / per August Matons | ||
| 260 | |a Barcelona : |b Mancomunitat de Catalunya. Servei d'Arbres Fruiters, |c 1923 | ||
| 300 | |a 19 p. : |b il. ; |c 20 cm | ||
| 490 | |a Publicacions divulgadores dels Serveis Tècnics d'Agricultura ; 20 | ||
| 590 | |a Relligat amb altres llibres de la mateixa col·lecció. | ||
| 590 | |a Hi ha un duplicat a: DUP-245 | ||
| 650 | |a Oli d'oliva |9 20131 | ||
| 700 | |a Catalunya. Mancomunitat. Servei d'Arbres Fruiters |9 20132 | ||
| 901 | |a Arxiu | ||
| 942 | |n 1 | ||
| 952 | |0 0 |1 0 |2 udc |4 0 |6 C1352 |7 1 |9 60556 |a Arxiu |b Arxiu |d 2020-09-14 |l 0 |o C-1-352 |r 2020-09-14 00:00:00 |w 2020-09-14 |y ARXIU | ||
| 999 | |c 43263 |d 43263 | ||